Control of crop productivity / (Record no. 292)
[ view plain ]
| 000 -LEADER | |
|---|---|
| fixed length control field | 00514nam a22001937a 4500 |
| 001 - CONTROL NUMBER | |
| control field | BD-DhSAU 292 |
| 003 - CONTROL NUMBER IDENTIFIER | |
| control field | BD-DhSAU |
| 005 - DATE AND TIME OF LATEST TRANSACTION | |
| control field | 20141124212359.0 |
| 008 - FIXED-LENGTH DATA ELEMENTS--GENERAL INFORMATION | |
| fixed length control field | 141124b -usa|||| |||| 001 0 eng d |
| 022 ## - INTERNATIONAL STANDARD SERIAL NUMBER | |
| Source | 012542809 |
| 040 ## - CATALOGING SOURCE | |
| Transcribing agency | BD-DhSAU |
| 082 ## - DEWEY DECIMAL CLASSIFICATION NUMBER | |
| Edition number | 22 |
| Classification number | 631/ CON |
| 245 ## - TITLE STATEMENT | |
| Title | Control of crop productivity/ |
| Statement of responsibility, etc. | C. J. Pearson ed. |
| 260 ## - PUBLICATION, DISTRIBUTION, ETC. (IMPRINT) | |
| Place of publication, distribution, etc. | New York: |
| Name of publisher, distributor, etc. | Academic press; |
| Date of publication, distribution, etc. | 1984. |
| 300 ## - PHYSICAL DESCRIPTION | |
| Extent | xvii, 315 p. : |
| Other physical details | ill. ; |
| Dimensions | 24 cm. |
| 590 ## - Name of Cataloguer | |
| Name of Cataloger | Roy |
| 654 ## - SUBJECT ADDED ENTRY--FACETED TOPICAL TERM | |
| Focus term | Crope productivity |
| 700 ## - ADDED ENTRY--PERSONAL NAME | |
| Personal name | Pearson, C. J. |
| 9 (RLIN) | 8 |
| 942 ## - ADDED ENTRY ELEMENTS (KOHA) | |
| Source of classification or shelving scheme | Dewey Decimal Classification |
| Koha item type | Book |
| Withdrawn status | Lost status | Source of classification or shelving scheme | Damaged status | Not for loan | Collection code | Home library | Branch Name | Date acquired | Total Checkouts | Full call number | Barcode | Date last seen | Price effective from | Koha item type |
|---|---|---|---|---|---|---|---|---|---|---|---|---|---|---|
| Dewey Decimal Classification | Not For Loan | Reference | SAU Library | SAU Library | 24/11/2014 | 631/ CON | 36110 | 24/11/2014 | 24/11/2014 | Book |
